000 00966nam a2200229 a 4500
001 000041163
005 20201002034654.0
008 130920s1990 sp 000 0 spa d
020 _a8400070569
040 _aDO-SdBNP
_bspa
_cBNPHU
245 0 3 _aLa ciencia y su público :
_bPerspectivas históricas /
_ccompiladores Javier Ordóñez ; Alberto Elena ; traductores Mariano Colubi...[et.al].
260 _aMadrid :
_bConsejo Superior de Investigaciones Científicas,
_c1990.
300 _aXV, 443 p. :
_bil. ;
_c22 cm.
490 1 _aEstudios sobre la ciencia
_v12
504 _aBibliografía : p. 442-443
504 _aIncluye referencias bibliográficas y notas al pie de las páginas
700 1 _aOrdóñez, Javier Odón,
_ecomp.
_967716
700 1 _aaElena, Alberto
_d1958-
_ecomp.
_967717
700 1 _aColubi, Mariano
_etr.
_967718
710 2 _aConsejo Superior de Investigaciones Científicas(España)
_967719
830 0 _aEstudios sobre la ciencia
_v12
_938739
999 _c40653
_d40653